[Event "Candidates m1"]
[Site "London"]
[Date "1991.??.??"]
[Round "1"]
[White "Speelman, Jonathan S"]
[Black "Short, Nigel D"]
[Result "0-1"]
[WhiteElo "2610"]
[BlackElo "2635"]
[Annotator "Ftacnik,L"]
[PlyCount "92"]
[EventDate "1991.01.??"]
[EventType "match"]
[EventRounds "8"]
[EventCountry "ENG"]
[SourceTitle "Candidates"]
[Source "ChessBase"]
[SourceDate "1999.07.01"]
[SourceVersion "2"]
[SourceVersionDate "1999.07.01"]
[SourceQuality "1"]

1. d4 Nf6 2. c4 g6 3. Nc3 d5 4. Nf3 Bg7 5. Qb3 dxc4 6. Qxc4 O-O 7. e4 Na6 8. b4
$6 {N} c6 (8... Be6 9. Qb5 (9. d5 Nxe4 $1) 9... Nxe4 (9... Rb8 $5) 10. Nxe4
Bxd4 11. Rb1 Bxa2 12. Rb2 Bxb2 13. Bxb2 Qd5 $1 $15) 9. Rb1 Nc7 10. h3 $2 Nb5 $1
11. Nxb5 cxb5 12. Qc2 Nxe4 $1 13. Bd3 (13. Bxb5 Bf5 14. Bd3 Rc8 $17) 13... Nd6
14. O-O Bf5 15. Rd1 Qc8 16. Qe2 Qe6 17. Be3 Rfc8 18. Rb3 a6 19. d5 $5 Qxd5 20.
Bxf5 Qxf5 21. Bc5 $36 Rc7 22. Re3 Bf8 23. Ne5 Nc4 $1 24. Nxc4 bxc4 25. Rf3 Qe6
26. Re3 (26. Qxe6 fxe6 27. Re3 Kf7 28. Rf3+ Ke8 29. Re3 Rc6 $19) 26... Qc6 27.
Bxe7 Bxe7 28. Rxe7 c3 29. Re5 b6 30. Qc2 Rac8 31. Re3 Qc4 32. a3 Qc6 33. Red3
Kg7 34. Rd6 Qb5 35. g3 Re8 $1 36. R6d3 Qf5 $1 37. g4 Qe4 38. Rc1 Rec8 39. Re3
Qd4 $1 (39... Qxc2 40. Rxc2 $17) 40. Rd1 Qf6 41. Rdd3 Rc4 42. Rf3 Qc6 43. Rde3
Rd8 $1 44. Kg2 (44. Rxc3 Qxf3 45. Rxc4 Rd1+ $19) 44... Rd2 45. Qb3 Rb2 46. Qd1
c2 {Ftacnik,L} 0-1

[Event "FIDE-Wch k.o."]
[Site "Groningen"]
[Date "1997.12.15"]
[Round "3.2"]
[White "Epishin, Vladimir"]
[Black "Svidler, Peter"]
[Result "1/2-1/2"]
[WhiteElo "2570"]
[BlackElo "2660"]
[Annotator "Ftacnik,L"]
[PlyCount "89"]
[EventDate "1997.12.09"]
[EventType "k.o."]
[EventRounds "7"]
[EventCountry "NED"]
[SourceTitle "CBM 063"]
[Source "ChessBase"]
[SourceDate "1998.03.26"]
[SourceVersion "1"]
[SourceVersionDate "1998.03.26"]
[SourceQuality "1"]

1. d4 Nf6 2. c4 g6 3. Nc3 d5 4. Nf3 Bg7 5. Qb3 dxc4 6. Qxc4 O-O 7. e4 a6 8. e5
b5 9. Qb3 Nfd7 10. Be3 c5 11. e6 (11. Qd5 $5 Ra7 12. dxc5) 11... cxd4 (11... c4
12. exf7+ (12. Qc2 fxe6 13. h4 e5 14. O-O-O Nc6 15. Qe4 Qc7 16. Nd5 Qb7 17. h5
Nf6 18. Nxf6+ Rxf6 19. dxe5 Bf5 20. Qd5+ e6 21. Qd7 Rf7 22. Qxb7 Rxb7 23. Be2 {
1-0 Moskalenko,V-Qin Kanying/Beijing op 1991/ (43)}) 12... Rxf7 13. Qd1 Nb6 (
13... Bb7 14. Ng5 Rf5 (14... Rf6 15. Nce4) 15. f3 Qb6 16. Qd2 h6 17. Nge4 Kh7
18. Ng3 Rf8 19. Be2 Qa5 20. h4 h5 21. Nge4 b4 22. Ng5+ Kh8 23. Nce4 Bd5 24. O-O
Nc6 25. Rfd1 Rfd8 {1/2-1/2 Sarosi,Z-Schnitzspan,L/Tavasz 1997/ (41)}) 14. a4 (
14. Ne5 Rf8 (14... Bxe5 $2 15. dxe5 Qc7 16. Qd4 $16) 15. a4 b4 (15... Nd5 16.
axb5 Nxe3 17. fxe3 Bxe5 18. dxe5 Be6 19. Qxd8 Rxd8 20. g3 a5 21. Bg2 Ra7 22. b6
Rad7 23. O-O Rd3 24. Rxa5 Rxe3 25. Nd5 {1-0 Kruppa,Y-Beshukov,S/RUS-Cup1
Chigorin mem 1996/ (29)}) (15... Bb7 $5 16. axb5 axb5 17. Rxa8 Bxa8 18. Nxb5
N8d7 (18... Kh8 $5 19. Qg4 Bd5 20. Qh4) 19. Nxc4 (19. Qg4 $5 Kh8 20. Nxd7 Nxd7
21. Bxc4 Nf6 22. Qh3 Qa5+ 23. Ke2 Bd5 24. Bd3 Rb8 25. Bd2 Qa4 $44) 19... Kh8 $1
(19... Nd5 20. Be2 Nxe3 21. Nxe3 Qa5+ 22. Qd2 Qa1+ 23. Bd1 Rb8 24. O-O $1) 20.
h4 Bxg2 21. Bxg2 Nxc4 22. O-O Qb8 23. Nc3 Nf6 {0-1 Piket,J-Polgar,J/
Linares14th 1997/}) 16. a5 {><c4} (16. Ne4 a5 $2) 16... bxc3 17. axb6 cxb2 18.
Bxc4+ Kh8 (18... e6 $5 19. Rb1 Qxb6 20. Qb3 Qxb3 21. Bxb3 Bxe5 22. dxe5 Nc6 23.
Rxb2 Rb8 24. Ke2 Nxe5 25. Rc1 $44) 19. Rb1 Qxb6 20. Qd2 {/\ Rb2|^} Be6 (20...
Nd7 21. Rxb2 Nxe5 $5 (21... Qf6 22. f4 $13) 22. Rxb6 Nxc4 23. Qb4 Nxb6 24. Qxb6
a5 (24... Bf5 25. Qa5 Rfb8 26. O-O $16) 25. O-O a4 26. Ra1 Bf5 (26... a3 27.
Qb3 $16) 27. h4 {1-0 Karpov,A-Kamsky,G/Fide-Wch 1996/ (40)}) (20... Qf6 21. O-O
Nc6 22. Bd5 Bb7 23. Qxb2 Nxd4 24. Bxb7 Qxe5 25. Bxa8 Rxa8 26. Qb7 Rf8 27. Bxd4
Qxd4 28. Qxa6 {Iskusnyh,S-Gavrjushin,O/RUS-Cup4 1997/CBM 58/1-0 (87)}) (20...
Nc6 21. Nf7+ $2 Rxf7 22. Bxf7 Nxd4 $17) 21. Rxb2 Qd6 22. Bxe6 Qxe6 23. O-O Nd7
{1/2-1/2 Horvath,C-Turov,M/Budapest FS11 GM/1996/}) 14... b4 (14... Bb7 15. Ng5
$6 Rf5 16. h4 (16. Ne6 Qd6 17. Nxg7 Kxg7 $11) 16... Nd5 17. axb5 Nxc3 $6 (17...
axb5 $1 18. Rxa8 Bxa8 19. Ne6 Nxe3 20. Qe2 Nxg2+ 21. Bxg2 Qa5 22. Nxg7 Rf7 23.
Bxa8 Qa1+ 24. Qd1 Qxa8 25. d5 Rxg7 $17) 18. bxc3 axb5 19. Ne6 Rxa1 20. Qxa1 Qd6
21. Nxg7 Kxg7 22. Qb1 {1/2-1/2 Pedersen,S-Hoffmann,M/Drury Lane 1997 (43)}) 15.
Ne4 a5 16. Ne5 Rf8 17. Nxc4 Nd5 18. Be2 Nxe3 19. fxe3 e5 20. Nxe5 Bb7 21. Bc4+
Kh8 22. Qg4 Bxe5 23. dxe5 Nd7 24. Nd6 Nxe5 25. Qd4 Qf6 {1/2-1/2 Portisch,
L-Ribli,Z/HUN-ch 1971/ (41)}) (11... fxe6 12. Qxe6+ (12. dxc5 Nf6 13. Rd1 Qc7
14. h3 Nc6 15. Be2 b4 16. Na4 Na5 17. Qxb4 Nd5 18. Rxd5 Rb8 19. Qb6 Rxb6 20.
cxb6 Qc2 21. Bd1 Qc4 22. Rxa5 {1-0 Pedersen,S-Kosebay,O/Politiken Cup 1996/ 
(45)}) 12... Kh8 13. Qe4 cxd4 14. Nxd4 Nc5 15. Qxa8 Bb7 16. Qa7 Nbd7 17. Ne6
Qa5 18. Nxf8 Bxc3+ 19. Ke2 Qb4 20. bxc3 Qb2+ 21. Bd2 b4 22. Nxd7 {1-0 Pereyra
Arcija,D-Madina,M/Clarin GP1 Boca Juniors/1997/}) 12. Nxd4 (12. exf7+ Rxf7 13.
Bxd4 (13. Ng5 Ne5 14. Nxf7 Nxf7 15. Rd1 Nc6 16. Ne4 Na5 $44) 13... Bxd4 14.
Nxd4 Nc5 15. Qd5 (15. Qd1 Ra7 $5 16. Nf3 Rd7 $15) (15. Qb4 $5) 15... Qxd5 16.
Nxd5 Nbd7 $1 $15 17. b4 $5 (17. Be2 Bb7 18. Ne3 Na4 19. b3 Nc3 20. Bf3 $15) (
17. Rd1 Bb7 18. Ne3 e5 $11) 17... Bb7 18. Nc3 (18. Nc7 Rc8 19. Ncxb5 axb5 20.
bxc5 Rxc5 $11) 18... e5 $1 19. Ndxb5 axb5 20. bxc5 b4 21. Nb5 Rf4 {0-1 Piket,
J-Timman,J/NLD-ch 1997/ (40)}) (12. exd7 dxe3 13. dxc8=Q exf2+ 14. Kxf2 Qb6+
15. Ke1 Rxc8 $44) (12. Bxd4 Bxd4 13. Nxd4 Nc5 14. Qd5 Qxd5 15. Nxd5 Nxe6 16.
Nxe7+ Kg7 17. O-O-O Ra7 $15) 12... Nc5 13. exf7+ Rxf7 14. Qd1 {White have
managed to weaken opponent's pawn structure, but it had cost him some time.
Black has active pieces and few obvious vulnerable points.} (14. Qd5 Qxd5 15.
Nxd5 Nbd7 16. Rc1 Bb7 17. b4 Bxd5 18. bxc5 Rc8 19. Nb3 Ne5 20. f3 Nxf3+ $5 21.
gxf3 Rxf3 22. Bd2 Rxb3 23. axb3 Bxh1 24. Bh3 Rc6 25. Bd7 Be5 26. Ke2 Bd5 27.
Bxc6 Bxc6 28. h3 {1-0 Messner,H-Schnitzspan,L/Bayern-chI Bank Hofmann 1997/ 
(47)}) 14... Bb7 (14... Qd6 15. Nf3 Bg4 16. Be2 b4 17. Bc4 Be6 (17... Ne6 18.
Ne4 Qxd1+ 19. Rxd1 Nc6 20. Nfg5 $18) (17... Nd3+ 18. Kf1 bxc3 19. Bxf7+ Kxf7
20. Ng5+ $18) 18. Bxc5 Qxd1+ 19. Rxd1 Bxc4 20. Bxb4 Nc6 21. Ba3 Bxc3+ 22. bxc3
Rb8 $44) 15. Rc1 (15. Ndxb5 $5 Qxd1+ (15... Nbd7 16. Nd4 e5 17. Nb3 Ne6 18. Qg4
$16) 16. Rxd1 axb5 17. Bxc5 Bxc3+ (17... Na6 18. Bd4 $16) 18. bxc3 Rf5 19. Rd8+
Kf7 20. Be3 $1 (20. Bb4 Re5+ 21. Kd1 Nc6 $14) 20... Rd5 21. Rxd5 Bxd5 22. Bxb5
$16) 15... Qd6 16. Nf3 (16. a3 Nbd7 17. b4 Ne6 $15) 16... Bxf3 17. gxf3 Nc6 (
17... Nbd7 18. f4 Raf8 $15) 18. Qxd6 exd6 19. Rd1 Rd8 20. Bh3 $6 {It is hard
to blame white, that he is wishing to find active diagonals for his bishops.
Black is lucky to get serious counterplay with his pieces.} (20. Bxc5 dxc5 21.
Rxd8+ Nxd8 $15) (20. Be2 $1 Nb7 (20... b4 21. Ne4 Nxe4 22. fxe4 Kf8 23. Rd2 $14
) 21. Rg1 Re8 $13) 20... Rff8 (20... Rxf3 $2 21. Bg2 Rxe3+ 22. fxe3 Bxc3+ 23.
bxc3 Ne5 24. Rg1 $16) 21. f4 Nb4 22. Ke2 Rfe8 23. Nd5 $5 (23. Rd2 d5 24. a3
Nbd3 $17) 23... Nxd5 (23... Nc2 24. Nc7 Re7 25. Nd5 $13) 24. Rxd5 Bxb2 25. f5 (
25. Rhd1 $2 Ne4 $1 $19) 25... Ne4 (25... Be5 26. fxg6 hxg6 27. Rg1 Kf7 28. Kf3
$17) 26. Kf3 Bf6 27. fxg6 hxg6 28. Rg1 Kf7 29. Rg4 Nc3 (29... Rh8 30. Kg2 Rde8
$17) 30. Rd3 d5 31. Rf4 (31. Bd4 Rh8 32. Bg2 Bxd4 33. Rgxd4 Rc8 $17) 31... Ne4
32. Kg2 (32. Bd4 g5 33. Rf5 Rh8 $17) 32... Rd6 {White has very little in the
way of compensation for his lost pawn.} 33. Bg4 Kg7 34. Bd1 d4 35. Bc1 (35. Bf3
Nc3 (35... dxe3 36. Rxe3 Rd2 37. Rexe4 Rxe4 38. Bxe4 g5 39. Rg4 Rxa2 40. h4 Kh6
41. hxg5+ Bxg5 $17) 36. Bxd4 Bxd4 37. Rfxd4 Rxd4 38. Rxd4 Nxa2 $17) 35... Nc5
36. Rdf3 Re4 (36... Re1 37. Ba3 Rxd1 38. Bxc5 Re6 39. Bf8+ Kxf8 40. Rxf6+ Ke7
41. Rxe6+ Kxe6 42. Ra3 $15) 37. h4 (37. Ba3 Rxf4 38. Rxf4 Rc6 39. Bf3 Rc7 $17)
37... Rxf4 38. Bxf4 (38. Rxf4 Nd3 $19) 38... Rd5 39. Bh6+ Kxh6 40. Rxf6 Kg7 41.
Rc6 d3 (41... a5 42. Bf3 Re5 43. Kg3 b4 44. Rd6 d3 $17) 42. Kf3 Na4 $2 (42...
Re5 43. Kf4 Re4+ 44. Kg3 Rc4 $17) 43. Bxa4 bxa4 44. Rc1 Kh6 (44... Kf6 45. Ke4
d2 46. Rd1 Rh5 47. Rxd2 Rxh4+ $15) 45. Ke4 (45. Ke4 Rf5 46. f3 Kh5 47. Rd1 Kxh4
48. Rxd3 $11) 1/2-1/2

[Event "Reykjavik Summit"]
[Site "Reykjavik"]
[Date "1990.??.??"]
[Round "?"]
[White "Eingorn, Vereslav S"]
[Black "Olafsson, Helgi"]
[Result "1/2-1/2"]
[WhiteElo "2570"]
[BlackElo "2575"]
[Annotator "Ftacnik,L"]
[PlyCount "61"]
[EventDate "1990.03.??"]
[EventType "team"]
[EventRounds "6"]
[EventCountry "ISL"]
[SourceTitle "CBM 018"]
[Source "ChessBase"]
[SourceDate "1990.10.01"]
[SourceVersion "1"]
[SourceVersionDate "1990.10.01"]
[SourceQuality "1"]

1. d4 Nf6 2. Nf3 g6 3. c4 Bg7 4. Nc3 d5 5. Qb3 dxc4 6. Qxc4 O-O 7. e4 Na6 8.
Bf4 c5 9. dxc5 Qa5 10. e5 Nd7 11. a3 Qxc5 12. Qe4 $5 {N} (12. Nd5 Nb6 13. Qxc5
Nxc5 14. Nxe7+ Kh8 15. Rc1 $2 Ne6 $1 $15 {Piket,Je-Ivanchuk,V/Tilburg/1989/
->CBM 15}) 12... Nb6 13. Be3 Qc7 14. Rc1 (14. Nb5 Qb8 15. Nxa7 Bf5 $1 (15...
Qxa7 16. Qd4) 16. Qd4 Nd7 17. Nb5 Nxe5 $17) 14... Bf5 15. Qh4 Rac8 16. Bxa6 (
16. Nd5 Qxc1+ 17. Bxc1 Rxc1+ 18. Kd2 Rc2+ 19. Kd1 Nxd5 20. Nd4 Rd8 $5 (20...
Rxb2 21. Nxf5 gxf5 22. Qd4) (20... Rc5) 21. Bxa6 (21. Nxc2 Nc3+) (21. Nxf5 Ne3+
22. Ke1 Rd1#) 21... Nc7 22. Bd3 (22. Bxb7 Bxe5 23. Qxe7 Rxd4+ 24. Ke1 Rc1+ $19)
22... Rxb2 23. Bxf5 (23. Kc1 Bxd3 24. Kxb2 Bxe5 25. Qxe7 Ne6 $17) 23... Bxe5
24. Qxe7 Rxd4+ 25. Kc1 Rc4+ 26. Kd1 Bf4 $19) (16. Nb5 Qb8) 16... bxa6 17. O-O (
17. Nd5 Qxc1+) 17... Qb7 18. Nd4 (18. Rfd1 Rfd8 $10) 18... Nc4 19. Bh6 (19.
Nxf5 gxf5 20. Bh6 Bxh6 21. Qxh6 Qc6) 19... Bxh6 20. Qxh6 Nxe5 (20... Nxb2 21.
Nxf5 gxf5 22. Qg5+ Kh8 23. Qxf5 $16) 21. Rfe1 f6 22. b4 (22. Nxf5 gxf5 23. Re3
Rf7) 22... Rfd8 23. Nxf5 gxf5 24. Rxe5 (24. Re3 Rd3 $1) 24... Rxc3 25. Rc5 (25.
Rxf5 $6 Rxc1+ 26. Qxc1 Qd7 27. g4 $8) 25... Rxa3 26. Rxf5 Rad3 (26... Qd7 27.
Rg5+ fxg5 28. Qxg5+ Kf7 29. Qh5+ Ke6 30. Qh6+ $10) (26... Qxb4 27. Rf4) 27.
Rg5+ fxg5 28. Qxg5+ Kf7 29. Qf5+ Ke8 30. Qh5+ Kf8 (30... Kd7 31. Qf5+ Ke8 $10)
31. Qf5+ {Ftacnik,L} 1/2-1/2

[Event "Bonn GSK"]
[Site "Bonn"]
[Date "1996.??.??"]
[Round "?"]
[White "Gurevich, Mikhail"]
[Black "Zagorskis, Darius"]
[Result "1/2-1/2"]
[WhiteElo "2605"]
[BlackElo "2520"]
[Annotator "Ftacnik,L"]
[PlyCount "91"]
[EventDate "1996.08.??"]
[EventType "tourn"]
[EventRounds "12"]
[EventCountry "GER"]
[EventCategory "12"]
[SourceTitle "CBM 056"]
[Source "ChessBase"]
[SourceDate "1997.02.01"]
[SourceVersion "1"]
[SourceVersionDate "1997.02.01"]
[SourceQuality "1"]

1. d4 {Gurevich,M} Nf6 2. c4 g6 3. Nc3 d5 4. Nf3 Bg7 5. Qb3 dxc4 6. Qxc4 O-O 7.
e4 Nc6 8. Bf4 (8. Bg5 {Gurevich,M} h6 9. Bh4 Bg4 10. d5 Na5 11. Qb4 Bxf3 12.
gxf3 b6 13. Bb5 a6 14. Ba4 Qd6 $132 {1/2-1/2 Guseinov,Aldyn-Zagorskis,Darius/
Pardubice op (5) 1995 (28)}) (8. Be2 {Gurevich,M -65/458,459}) 8... Nh5 9. Be3
Bg4 10. e5 {Ambitious attempt to take advantage of the misplaced Nh5. Ein
mutiger Versuch, die schlechte Plazierung des Nh5 auszunutzen.} (10. O-O-O Bxf3
11. gxf3 e5 12. d5 Nd4 13. f4 Nf3 (13... Qh4 14. fxe5 Nf3 15. e6 fxe6 16. dxe6
Kh8 17. Be2 Ne5 18. Qxc7 Rfc8 19. Qd6 Rc6 20. Qd2 Rxe6 21. Rhg1 Rc6 22. Kb1 Nc4
23. Bxc4 Rxc4 24. f3 Qf6 {Tukmakov,V-Kotkov,Y/USSR/1971/1-0 (49)}) 14. f5 Qh4
15. fxg6 hxg6 16. Qxc7 Rfc8 17. Qxb7 Rab8 18. Qxa7 Ra8 19. Qb7 Rab8 20. Qa7 Ra8
21. Qb7 Rab8 22. Qa7 Ra8 {1/2-1/2 Lebredo,G-Sisniega,M/Havana (11)/1982}) (10.
Rd1 {Gurevich,M} Bxf3 11. gxf3 e5 12. dxe5 (12. d5 Nd4 $132) 12... Qh4 13. e6
Ne5 $132) 10... Bxf3 (10... Na5 11. Qa4 c5 12. Rd1 Nc6 13. Ra1 Na5 14. Rd1 Nc6
15. Be2 Qb8 16. dxc5 Nxe5 17. Nxe5 Bxe2 18. Nd7 Bxd1 19. Qxd1 Qd8 20. Nxf8
Bxc3+ 21. bxc3 Qxd1+ 22. Kxd1 Kxf8 23. Kc2 Rc8 24. Rb1 Rc7 25. c6 b6 {1/2-1/2
Kozul,Z-Gutman,L/Graz op (04)/1987}) 11. gxf3 e6 12. h4 Qe7 13. f4 (13. a3 $5
f6 {Gurevich,M} 14. f4 fxe5 (14... Bh6 15. d5 Na5 $13) 15. fxe5 {(/\16.0-0-0)})
13... Qb4 $1 {Black's life will be easier without queens, since white pawn
structure is vulnerable especially in the endgame. Ohne Damen fällt Schwarz
das Leben leichter, weil die weisse Bauernstruktur angreifbar ist,
insbesondere im Endspiel.} 14. Qxb4 (14. Qd3 Rfd8 $17) (14. O-O-O {Gurevich,M}
Bh6 $132) 14... Nxb4 {The exchange of queens have greatly improved black's
chances, since the opponents pawn structure.} 15. Rc1 Bh6 (15... c6 {Gurevich,M
} 16. a3 Nd5 17. Nxd5 exd5 (17... cxd5 18. Be2 $14 (18. f5 $5)) 18. f5 $14) 16.
a3 Nc6 (16... Nd5 $2 17. Nxd5 exd5 18. Rxc7 $16) 17. Ne2 {[/\18.Bg2]} (17. d5 {
Gurevich,M} Nd8 18. Ne2 exd5 19. Rxc7 Ne6 20. Rxb7 Nhxf4 $132) 17... Ne7 $5 (
17... Rac8 18. Bg2 Nd8 19. d5 $14) (17... Rfd8 {Gurevich,M} 18. Bg2 $16) 18.
Rxc7 (18. Bg2 {Gurevich,M} c6 $13) 18... Nd5 19. Rxb7 Rab8 20. Rxb8 (20. Rxa7
$2 Rxb2 21. Rg1 Nhxf4 22. Nxf4 Bxf4 23. Bxf4 Nxf4 $10) 20... Rxb8 {It is quite
obvious, that now comes black's turn. Es is ganz offensichtlich, daß jetzt
Schwarz an der Reihe ist.} 21. Bc1 (21. b4 a5 22. bxa5 Rb1+ 23. Kd2 Ra1 24. Bg2
Ra2+ 25. Kd1 Rxa3 26. Bxd5 exd5 27. Rg1 Rxa5 $14) 21... a5 (21... Nhxf4 {
Gurevich,M} 22. Nxf4 Bxf4 23. Kd1) 22. Rh3 (22. Bg2 Ndxf4 23. Be4 Rd8 24. Be3
Rb8 $132) 22... Nhxf4 23. Nxf4 (23. Rf3 $2 Nxe2 24. Bxh6 Nxd4 25. Rd3 Nc6 $15)
23... Bxf4 24. Kd1 (24. Bxf4 Nxf4 25. Rf3 Nd5 26. b3 Rd8 $14) 24... Rd8 25. Rd3
Kg7 {[/\26...Kh6]} 26. Bd2 (26. Bg2 $2 Bxc1 27. Kxc1 Nf4) 26... Bxd2 27. Rxd2
Kh6 28. Be2 g5 $1 29. hxg5+ (29. h5 $6 Nf4 30. b4 axb4 31. axb4 Nxe2 32. Kxe2
Kxh5 $13) 29... Kxg5 {Black is still pawn down, but white's structure is weak.
Schwarz hat noch immer einen Bauern weniger, aber die weisse Struktur ist
schwach.} 30. Bf3 h5 31. Ke2 (31. Bxd5 Rxd5 32. Ke2 Kf4 33. Kd3 h4 $132) 31...
h4 32. Kf1 (32. Bxd5 Rxd5 33. Kf3 a4 $44) 32... Kf4 33. Bh1 (33. Bxd5 Rxd5 34.
Kg2 Ke4 $1 35. Re2+ Kd3 36. Re3+ Kxd4 37. Rh3 $10) 33... a4 34. Kg1 Ne7 35. Kh2
Nf5 36. d5 (36. Kh3 Rxd4 37. Rxd4+ Nxd4 38. Kxh4 Kxe5 $10) (36. Bc6 $2 Nxd4 {
/\Nf3}) 36... Kxe5 37. Re2+ Kf6 38. dxe6 fxe6 39. Kh3 Rd3+ 40. Kh2 (40. Kg4 h3
$17) 40... Rd4 41. Be4 Kg5 42. Ba8 Kf6 43. Kg2 e5 44. Be4 Kg5 45. Bxf5 Kxf5 46.
Re3 1/2-1/2

[Event "Montreal-A 5th"]
[Site "Montreal"]
[Date "2004.08.07"]
[Round "4"]
[White "Roussel Roozmon, Thomas"]
[Black "Nataf, Igor Alexandre"]
[Result "1/2-1/2"]
[WhiteElo "2451"]
[BlackElo "2553"]
[Annotator "Ftacnik,L"]
[PlyCount "56"]
[EventDate "2004.08.04"]
[EventType "tourn"]
[EventRounds "11"]
[EventCountry "CAN"]
[EventCategory "12"]
[SourceTitle "CBM 103"]
[Source "ChessBase"]
[SourceDate "2004.11.11"]
[SourceVersion "1"]
[SourceVersionDate "2004.11.11"]
[SourceQuality "1"]

1. d4 Nf6 2. c4 g6 3. Nf3 Bg7 4. Nc3 d5 5. Qb3 dxc4 6. Qxc4 O-O 7. e4 a6 8. e5
b5 9. Qb3 Nfd7 10. Be3 c5 11. e6 cxd4 12. Bxd4 Bxd4 13. Nxd4 Nc5 14. exf7+ Rxf7
15. Qd5 Qxd5 16. Nxd5 Nbd7 17. b4 (17. Be2 Bb7 18. Ne3 e5 19. Nf3 (19. Nb3 Nxb3
20. axb3 Nc5 21. b4 Nb3 22. Ra3 Nd4 23. Bd1 Rf4 24. O-O Nf5 25. Bb3+ Kh8 26.
Bd5 Bxd5 27. Nxd5 {1/2-1/2 Miton,K-Atalik,S/Cappelle la Grande 1999/ (38)})
19... e4 (19... Bxf3 20. Bxf3 e4 21. Be2 Na4 22. Rb1 Ne5 23. O-O Rd7 24. Rfd1 {
1/2-1/2 Herndl,H-Balinov,I/Schwarzach 1997/ (50)}) 20. Ng5 Re7 21. O-O Ne5 22.
b4 Ncd3 23. a4 Nf4 24. Bd1 h6 25. Nh3 Nxh3+ 26. gxh3 {1/2-1/2 Sarosi,Z-Feher,G/
Hungary 1997/ (45)}) 17... Bb7 18. Nc7 {So far white players have not been
able to prove any advantage in this line, as black pieces are very active.} (
18. Nc3 e5 19. Ndxb5 axb5 20. bxc5 b4 21. Nb5 Rf4 22. Rc1 Re4+ 23. Kd1 Bc6 24.
f3 Rf4 25. Nd6 Rxa2 26. Bc4+ Rxc4 27. Rxc4 b3 {0-1 Piket,J-Timman,J/Rotterdam
1997/ (40)}) 18... Rc8 19. Ncxb5 Na4 (19... axb5 20. bxc5 Rxc5 21. f3 (21. Nxb5
Re5+ 22. Be2 Bxg2 23. Rg1 Bf3 24. Nd4 $11) 21... b4 $11) 20. Na7 (20. Na3 Rf4
21. Ndc2 Nc3 22. f3 g5 23. h3 $14) 20... Rc7 21. Ne6 (21. b5 Bd5 22. Ndc6 axb5
23. Bxb5 Ndc5 $11) 21... Rc2 22. Nd4 Rc7 (22... Rcxf2 23. Bc4 Bxg2 24. Bxf7+
Rxf7 25. Rg1 $14) 23. Ne6 Rc3 24. Nd8 Rf4 $5 {Nataf is solving the problem
with a touch of humour. White will be left with knights on a7,b7 and scores of
undeveloped pieces.} (24... Rf5 25. f3 Re5+ 26. Kf2 Rc2+ 27. Kg3 Rg5+ 28. Kf4
Rf5+ 29. Ke3 Re5+ $11) 25. Nxb7 (25. f3 Rxb4 $11) 25... Re4+ 26. Kd2 (26. Be2
Rc2 27. O-O Rexe2 28. Nd8 Ne5 $11) 26... Rd4+ 27. Ke1 Re4+ 28. Kd2 Rd4+ 1/2-1/2